000 00659nam a2200241Ia 4500
003 OSt
005 20221006142924.0
006 a|||||r|||| 00| 0
007 ta
008 221006b |||||||| |||| 00| 0 eng d
020 _cP7.95
024 _a7,544
037 _cTextual
040 _aEASL
_cEASL
_beng
041 _2eng
_aeng
082 _aV42:594.N45, L9
100 _aIENAGA Saburo
_9642976
245 0 _aJapan's lasr war
_b World war II and the Japanese, 1931-1945
260 _aOxford
_bBasil Blackwell
_c1979
300 _a316p.
_ccm.
942 _hV42:594.N45, L9
_cTEXL
_2CC
999 _c1075630
_d1075630